000
00318nam a22001457a 4500
082
_a
330RYA
100
_a
Ryan, W.J.L.
245
_a
Price theory
260
_a
London
_b
Macmillan
_c
1965
300
_a
ix,396
_b
ill,:25cm
500
_a
Includes Index
650
_a
Price theory
700
_a
Ryan, W.J.L.
942
_c
BK
999
_c
14295
_d
14295